000 00313nam a22001337a 4500
008 171005b xxu||||| |||| 00| 0 eng d
020 _a9781412991940
041 _aeng
080 _a159.9
100 _a49
101 _aPSI
245 _aRACE, GENDER, SEXUALITY & SOCIAL CLASS
_cFERGUSON, S.J
942 _2udc
_cBK
999 _c31983
_d31983